عبقريات العقاد : (رقم التسجيلة. 18627)

تفاصيل مارك
000 -LEADER
fixed length control field 00727nam a22001937a 4500
005 - DATE AND TIME OF LATEST TRANSACTION
control field 20251108164951.0
008 - FIXED-LENGTH DATA ELEMENTS--GENERAL INFORMATION
fixed length control field 250721s1969 xx 000 0 ara d
082 14 - DEWEY DECIMAL CLASSIFICATION NUMBER
Classification number 810.90962/رفع
100 1# - MAIN ENTRY--PERSONAL NAME
Personal name عبد المطلب، رفعت فوزي
245 10 - TITLE STATEMENT
Title عبقريات العقاد :
Remainder of title دراسة تحليلية /
264 1# - PRODUCTION, PUBLICATION, DISTRIBUTION, MANUFACTURE, AND COPYRIGHT NOTICE
Place of production, publication, distribution, manufacture القاهرة :
Name of producer, publisher, distributor, manufacturer الهيئة العامة لشؤون المطابع الأميرية،
Date of production, publication, distribution, manufacture, or copyright notice 1969.
300 ## - PHYSICAL DESCRIPTION
Extent 80ص
490 0# - SERIES STATEMENT
Series statement مطبوعات المجلس الأعلى لرعاية الفنون و الآداب و العاوم الإجتماعية ؛111
650 17 - SUBJECT ADDED ENTRY--TOPICAL TERM
Topical term or geographic name as entry element الأدب العربي
650 17 - SUBJECT ADDED ENTRY--TOPICAL TERM
Topical term or geographic name as entry element النقد الأدبي
650 17 - SUBJECT ADDED ENTRY--TOPICAL TERM
Topical term or geographic name as entry element مصر
942 ## - ADDED ENTRY ELEMENTS (KOHA)
Source of classification or shelving scheme Dewey Decimal Classification
Koha item type كتب
المقتنيات
حالة السحب حالة الفقدان مصدر التصنيف حالة التلف غير قابل للإعارة المكتبة الرئيسية المكتبة الحالية موقع الرف تاريخ التزويد الرقم المتسلسل Total Checkouts رقم الإستدعاء الباركود تاريخ آخر ظهور تاريخ الفاتورة نوع المادة (كوها)
    Dewey Decimal Classification     المكتبة المركزية المكتبة المركزية الإعارة 06/07/2004 117536   810.90962/رفع 117536 28/07/2025 06/07/2004 كتب
Implemented & Customized by: BBB with SCIT (Smart Chains for Information Technology)

Powered by Koha